| 000 | 00589nam a22002052 4500 | ||
|---|---|---|---|
| 001 | 0000007287 | ||
| 005 | 20151217155833.0 | ||
| 008 | 071218s xx 000 0 eng d | ||
| 020 |
_a9966464654 : _cKES 240 |
||
| 040 |
_aKABU _cKABU |
||
| 100 | 1 |
_aGimode, Edwin. _@0000158510 |
|
| 245 | 1 | 0 |
_aTom Mboya / _cEdwin Gimode. |
| 260 |
_aNairobi : _bE. A. E. P., _c1996. |
||
| 300 | _a56 p. | ||
| 650 | 0 |
_aMboya, Tom. _@0000158511 |
|
| 650 | 0 |
_aPoliticians _vBiography _zKenya. _@0000158503 |
|
| 908 | _a071218 | ||
| 950 | _@1 | ||
| 999 |
_c13068 _d13068 |
||